Ładuje się......

Conversations with mohsen makhmalbaf

Opis bibliograficzny
1. autor: Debasi, Hamid
Format: Printed Book
Język:English
Wydane: London : Seagull , 2010.
LEADER 00487nam a22001457a 4500
008 160208b xxu||||| |||| 00| 0 eng d
020 |a 9781906497354 
082 |a 791.43 DAB/C 
100 |a Debasi, Hamid 
245 |a Conversations with mohsen makhmalbaf 
260 |a London :  |b Seagull ,  |c 2010. 
300 |a 188p. 
942 |c BK 
999 |c 192944  |d 192944 
952 |0 0  |1 0  |4 0  |6 791_430000000000000_DAB_C  |7 0  |9 212970  |a ENG  |b ENG  |c ST1  |d 2016-02-08  |i 17245  |l 0  |o 791.43 DAB/C  |p ENG17245  |r 2016-02-08  |w 2016-02-08  |y BK